000 00804nam a2200229Ia 4500
001 11207
003 GE_BSU
008 181216s||||||||xx |||||||||||||| ||und||
040 _cGE_BSU
080 _a630.23(479.22)
100 _aხიდაშელი შალვა, პაპუნიძე ვანო
245 _aაჭარის ტყეები
245 _b(კომპლექსური ათვისებისა და აღდგენის პრობლემები)
245 _cრედ: ვ. გულისაშვილი
260 _aბათუმი
260 _bსაბჭოთა აჭარა
260 _c1976
300 _a114გვ.22სმ.
300 _eილ.
653 _aაჭარის ტყეები
942 _cBK
999 _c44438
_d44438